| 000 | 00588cab a2200217 4500 | ||
|---|---|---|---|
| 001 | A55 | ||
| 008 | 090401t1990 xxu||||| |||| 00| 0 eng d | ||
| 035 | _a(Sirsi) u31988 | ||
| 041 | _aeng | ||
| 100 | _aPrice, W. F. | ||
| 245 | 2 | _aA coordinate measuring system at the Mary Rose Dock, Portsmouth | |
| 260 | _c1990 | ||
| 350 | _a0 | ||
| 490 |
_aLand & Minerals Surveying _v8(12) December 1990, 8-11(4) |
||
| 650 | _aELECTRONIC COORDINATE MEASURING SYSTEMS | ||
| 650 | _aMARY ROSE DAM | ||
| 690 | _aLAND SURVEYING | ||
| 700 | _aAshworth, I.M. | ||
| 942 | _n0 | ||
| 948 | _c04/03/1997 | ||
| 999 |
_c21467 _d21467 |
||